000 00444nam a2200169 a 4500
001 0000-8620
003 ELIB.Books
008 110520 1970
035 _a(ELIB.Books)0000-8766
082 _a223.2
_bKee
100 _aKeesecker, William F.
245 _aThe Wisdom Of The Psalms
260 _bNew York: The World Publishing Company
_c1970
650 _aOld Testament
942 _2ddc
_cBK
998 _cbat
_e2011-05-20
999 _c8620
_d8620